Bayerische Staatsregierung 2013-18 - Statistiken

Allgemein
  • Dieses Quiz wurde 10 mal gespielt
  • Das Durchschnittsergebnis liegt bei 4 aus 12
Antwortstatistiken
Hint Antwort % Korrekt
Minister für Finanzen, Landesentwicklung und Heimat Markus Söder
100%
Wirtschaftsministerin und stellvertretende Ministerpräsidentin Ilse Aigner
78%
Ministerpräsident Horst Seehofer
67%
Minister für Inneres, Bau und Verkehr Joachim Herrmann
44%
Ministerin für Gesundheit und Pflege Melanie Huml
44%
Ministerin für Arbeit und Soziales, Familie und Integration Emilia Müller
33%
Minister für Bildung und Kultus, Wissenschaft und Kunst Ludwig Spaenle
22%
Leiter der Staatskanzlei (seit September 2014) Marcel Huber
22%
Staatsministerin für Europaangelegenheiten Beate Merk
11%
Ministerin für Umwelt und Verbraucherschutz (seit Sep.2014) Ulrike Scharf
11%
Justizminister Winfried Bausback
11%
Minister für Ernährung, Landwirtschaft und Forsten Helmut Brunner
0%
Keine übereinstimmenden Quizze gefunden
Verteilung der Resultate
Anzahl Personen mit jedem Resultat
Perzentil nach korrekt beantworteten Fragen
Ihre Resultats-Entwicklung
Sie haben dieses Quiz noch nicht gespielt